| 000 | 01807nam a22004337a 4500 | ||
|---|---|---|---|
| 003 | CHAP | ||
| 005 | 20220329143410.0 | ||
| 008 | 090403s2009 mx a r 00010 spa d | ||
| 010 | _a95996 | ||
| 011 | _a96968 | ||
| 035 | _a107625 | ||
| 040 | _cCHAP | ||
| 090 | _aTesis | ||
| 100 | 1 |
_aDíaz Villanueva, Francisco. _933669 |
|
| 245 | 1 | 0 |
_aImplementación de un sistema de reducción de riesgos de contaminación en el proceso de producción en la huerta de aguacate 'Hass' (Persea americana Mill) mesa del durazno en Periban de Ramos, Mochoacán _c/por Francisco Díaz Villanueva |
| 260 |
_aChapingo, Méx. : _bEl autor, _c2009 |
||
| 300 |
_aiii, 75 h. : _bilus., cuadros, gráfs. |
||
| 502 | _aTesis (Ing. Agr. Esp. en Fitotécnia) -- UACH. Departamento de Fitotecnia | ||
| 530 | _aTambién disponible en línea | ||
| 590 |
_aALEPH _b10 _c20130110 _lUCH01 _h1528 |
||
| 590 |
_aBATCH-UPD _b10 _c20130110 _lUCH01 _h0008 |
||
| 590 |
_aBATCH-UPD _b10 _c20130110 _lUCH01 _h1452 |
||
| 590 |
_aBATCH-UPD _b10 _c20130410 _lUCH01 _h0918 |
||
| 590 |
_aBATCH-UPD _b10 _c20130913 _lUCH01 _h2256 |
||
| 590 |
_aBATCH-UPD _b10 _c20130914 _lUCH01 _h1817 |
||
| 590 |
_aBATCH-UPD _b10 _c20140324 _lUCH01 _h1511 |
||
| 590 |
_aBATCH-UPD _b10 _c20141002 _lUCH01 _h0839 |
||
| 590 |
_aCONVERSION _b10 _c20130109 _lUCH01 _h1353 |
||
| 650 | 1 | 4 |
_aAguacate _xExportacion. _92515 |
| 650 | 1 | 4 |
_aAguacate _xIrrigación. _92529 |
| 650 | 1 | 4 |
_aAguacate _xNormas de calidad. _92540 |
| 650 | 1 | 4 |
_aAguacate _xRendimiento. _92553 |
| 650 | 1 | 4 |
_aMicroorganismos patógenos. _975528 |
| 856 |
_3Finding aid _uhttp://10.13.5.2/tesis/107625.pdf _zTeclea aqui |
||
| 901 | _aBK | ||
| 942 | _cFOLL | ||
| 949 |
_atesis _bBC _cTES _d33724002090058 _eTS2 _fc.2 _gDonaciØn _h40974 _i107625 _sb |
||
| 949 |
_atesis _bBC _cTES _d33724002090553 _eTS1 _gDonaciØn _h49073 _i107625 _sb |
||
| 999 |
_c95996 _d95996 |
||